000
00267nam a2200109Ia 4500
008
190216s9999||||xx |||||||||||||| ||und||
100
_a
Krishan Pillai N
245
0
_a
Anurenjanam
260
_b
Sahithya Pravarthaka Sahakarana Sangam
650
_a
Nadakam
942
_c
BK
999
_c
25513
_d
25513